000 00418 a2200121 4500
001 ART_50650
005 20260410162007.0
008 260409a
245 1 0 _aAproximaciones en torno al artículo 1973 del Código Civil y Comercial
100 1 _aLamanna Guiñazú, Emiliano C.
700 1 _aFossaceca, Carlos Alberto (h)
773 0 _tTemas de derecho civil
_g- Año 6, N° 2 (feb. 2020)
_wREV34778
999 _c31852
_d31852